000 00615nam a2200217 i 4500
001 98162
003 ES-MaACL
005 20230906182227.0
007 t|
008 050726s1952 sp ||||1| spa d
100 1 _aMarshall, Rosamond.
_977137
245 1 0 _aJane
_b: novela /
_cRosamond Marshall; [traducción del inglés por J. Romero de Tejada].
250 _a[1ª ed.].
260 _aBarcelona :
_bPlaneta,
_c1952.
300 _a287 p. ;
_c19 cm.
490 1 _aGoliat
700 1 _aRomero de Tejada, J.
_999376
830 0 _aGoliat
_9181396
852 _aES-MaACL
_jC-6895
_bR.33494
999 _c98162
_d98162